000 00709nam a2200253Ia 4500
003 OSt
005 20220928122044.0
006 a|||||r|||| 00| 0
007 ta
008 220927b |||||||| |||| 00| 0 eng d
024 _a26807
037 _cTextual
040 _aSDCL
_cSDCL
_beng
041 _2eng
_aeng
082 _aX9W:8T.2'N8, M5
100 _aSankar T L
_9405114
245 0 _aTraining needs in public enterprises
260 _aBombay
_bHimalaya Publishing House
_c1985
300 _axiv,104p
_ccm.
700 _a Misra R K
700 _a Ravishankar S
_9406997
942 _hX9W:8T.2'N8, M5
_cTEXL
_2CC
999 _c769374
_d769374